|
|
|
|
| LEADER |
00918nam a2200229 a 4500 |
| 001 |
1236603 |
| 008 |
090719r19791969 enk 001 0 eng d |
| 010 |
|
|
|a 70079054
|
| 020 |
|
|
|a 0521076080 (hbk)
|
| 020 |
|
|
|a 0521095840 (pbk)
|
| 040 |
|
|
|a DLC
|c DLC
|d DLC
|
| 082 |
0 |
0 |
|a 821/.7
|2 17
|
| 100 |
1 |
|
|a Durrant, Geoffrey.
|
| 245 |
0 |
0 |
|a William Wordsworth./
|c Geoffrey Durrant.
|
| 260 |
|
|
|a London,
|b Cambridge U.P.,
|c 1969.[Reprinted 1979]
|
| 300 |
|
|
|a vii, 161 p.
|c 21 cm.
|
| 490 |
0 |
|
|a British authors: introductory critical studies
|
| 541 |
1 |
|
|e 00009347
|
| 600 |
1 |
0 |
|a Wordsworth, William,
|d 1770-1850
|x Criticism and interpretation.
|
| 852 |
4 |
|
|a Ayesha Abed Library
|j General shelf.
|
| 999 |
|
|
|c 2517
|d 2517
|
| 952 |
|
|
|0 0
|1 0
|2 ddc
|4 1
|6 821_000000000000000__7_DUR_1979
|7 0
|9 2430
|a BRACUL
|b BRACUL
|c SPS
|d 2009-07-22
|g 0.00
|l 5
|m 14
|o 821.7 DUR
|p 3010009347
|r 2017-12-17
|s 2017-09-18
|t 1
|w 2009-07-22
|y BK
|x No price found in the accession register.
|